Dos Terrenos de Marinha e Seus Acrescidos

Bibliographic Details
Main Author: Pugliese, Roberto J.
Other Authors: dos Reis Melo, Lia
Format: eBook
Language:Portuguese
Published: San Pablo: Letras Jurídicas Editora, 2009
Subjects:
Online Access:Acceso restringido

MARC

LEADER 00000nam a22000007a 4500
005 20201230235314.0
007 cr|||| |||
008 201230s2009 br |||||s|||| 00||0 por d
020 |a 978-85-89917-42-1 
035 |a 32486 
040 |a vLex 
090 |c 11036  |d 11036 
100 1 |a Pugliese, Roberto J. 
245 1 0 |a Dos Terrenos de Marinha e Seus Acrescidos  |h [Recurso electrn̤ico] /  |c Roberto J. Pugliese, Lia dos Reis Melo 
256 |a Servicio en ln̕ea 
260 |a San Pablo:  |b Letras Jurídicas Editora,  |c 2009 
300 |a 1 recurso electrn̤ico 
500 |a Profundamente honrado recebi o convite para opinar sobre a presente obra, tendo como temt̀ica de refern̊cia os terrenos de marinha. Matřia atual e complexa, demandando estudos para alm̌ da seara jurd̕ica, como facilmente o leitor perceber ̀no decorrer da leitura. Ainda que se considere uma ou outra divergn̊cia de entendimento, o conted︢o apresentado por Roberto Pugliese, meu mestre na Faculdade de Direito de Joinville (ACE), e Lia Melo, minha ex-aluna e brilhante bacharela formada pela Universidade da Regiô de Joinville (Univille), demonstra profunda e responsv̀el trabalho de pesquisa na matřia eleita. 
506 1 |a Disponible solo en los productos indicados  |d vLex Global  |d vLex Global (Academic Edition, excluding Law Schools)  |d vLex Global (U.S. Academic Edition, Law Schools)  |d vLex Global (U.S. Academic Edition, excluding Law Schools)  |d vLex Global (Academic Edition, Law Schools) 
650 0 4 |a Derecho Internacional  |z Brasil 
700 1 |a dos Reis Melo, Lia 
740 0 |a vLex Libros (Servicio en ln̕ea) 
856 4 0 |u http://vlex.com/source/dos-terrenos-de-marinha-e-seus-acrescidos-32486  |z Acceso restringido 
942 |c BOOK 
999 0 |a International right